000 00809cab a2200253 4500
001 WB3440-47
008 090401t1998 xxu||||| |||| 00| 0 eng d
035 _a(Sirsi) u89205
041 _aeng
245 _aStamp of authority
260 _c1998
350 _a0
490 _aHerald
_v22 October 1998, 31 (1)
520 _aFollowing recent rises in stamp duty, property investors are looking at ways to limit their liability. Discusses options such as setting up subsidiary Special Purpose Vehicle companies, property transfer and going offshore.
650 _aMITIGATION
650 _aOFFSHORE TAX HAVENS
650 _aPROPERTY TRANSFER
650 _aSPECIAL PURPOSE VEHICLES
650 _aSTAMP DUTY
650 _aTAX AVOIDANCE
690 _aTAXATION
942 _n0
948 _c22/10/1998
999 _c56416
_d56416